Responses for Show #4553 - Wednesday, May 26, 2004

Anne Boyd game 2.

Contestants

[<< previous game]

Martha Fingleton, a student from Milwaukee, Wisconsin

Larry Hamberlin, a copy editor from Rochester, Vermont

Anne Boyd, a freelance writer from Los Angeles, California (whose 1-day cash winnings total $24,000)

[next game >>]

Jeopardy! Round responses

1990
POP QUIZ
WEIGHTS & MEASURES
"E" MALE
CAMPING
RHYME TIME FOOD & DRINK
    $200 26
Paula Abdul

Anne
    $200 19
Yesterday

Anne
    $200 8
(Martha: What is Fahrenheit?)

Celsius

LarryMartha
    $200 6
Einstein

Larry
    $200 16
a mattress

Martha
    $200 1
rum gum

Anne
    $400 27
George H.W. Bush

Triple Stumper
    $400 22
"American Pie"

Anne
    $400 9
a finger

Anne
    $400 7
(Duke) Ellington

Anne
    $400 17
a campfire

Anne
    $400 2
Red bread

Martha
    $600 28
Agatha Christie

Larry
    $600 23
freedom

Anne
    $600 10
Elizabeth I

Anne
    $600 13
John Elway

Martha
    $600 18
bear bagging

Larry
    $600 3
mustard custard

Martha
    $1,000 29
gambling

Larry
    $800 24
Puff the Magic Dragon

Anne
    $800 11
a ton

Anne
    $800 14
Esau

Anne
    $800 20
guy

Anne
    $800 4
(Larry: Uhh... what is that word, yes? I can't think of it.)

Yoda Soda

Larry
Triple Stumper
    $1000 30
(Martha: Who is Fujiyama?)
(Larry: Who is Fujimoto?)

Alberto Fujimori

LarryMartha
Triple Stumper
    $1000 25
"I Shot The Sheriff"

Anne
    $1000 12
(Anne: What's a kilowatt?)

a kilowatt-hour

AnneMartha
    $1000 15
Edward

Anne
    $1000 21
(Martha: What is sulfa?)

iodine

Martha
Triple Stumper
    $1000 5
mango tango

Martha

Scores at the first commercial break (after clue 15):

Anne Larry Martha
$3,200 -$400 $3,400

Scores at the end of the Jeopardy! Round:

Anne Larry Martha
$7,600 $800 $1,600

Double Jeopardy! Round responses

20th CENTURY COUNTRIES
SMALL SCREEN VAMPIRES
TECHNOLOGY
SIMILAR TITLES
FAMOUS NORWEGIANS
CROSSWORD CLUES "C"
    $400 16
Turkmenistan

Martha
    $400 21
Buffy the Vampire Slayer

Anne
    $400 2
an airplane

Triple Stumper
    $400 12
Prince

Anne
    $400 7
the World Health Organization

Anne
    $400 1
champagne

Martha
    $800 24
(Larry: What is Dutch?)
(Martha: What is French?)

British

AnneLarryMartha
    $800 22
The Count

Anne
    $800 3
golfing

Martha
    $800 17
(Raymond) Chandler

Larry
    $800 9
biathlon

Martha
    $800 8
Cecil

Martha
    $1200 25
the 1960s

Martha
    $1200 23
Grandpa

Larry
    $1,200 4
(Martha: What is water?)

a vacuum

Martha
    $1200 18
Bocaccio

Larry
    $1,200 10
(Alex: The traitor.)

(Vidkun) Quisling

Martha
    $1200 13
cricket

Anne
    $1600 27
(Larry: What is Yugoslavia?)
...
[The end-of-round signal sounds.]

Czechoslovakia

Larry
Triple Stumper
    $1600 5
a JumboTron

Martha
    $1600 19
Midnight

Anne
    $1600 11
(Alex: That's right. Yes, pointing to the Americas.)

Thor Heyerdahl

Larry
    $1600 14
(Larry: ...What is abet?)

comfort

AnneLarry
    $2000 6
AC (alternating current)

Triple Stumper
    $2000 20
(Martha: What is Musician?)
(Larry: What is Man?)

Dog

LarryMartha
Triple Stumper
    $2000 26
(Edvard) Grieg

Larry
    $2000 15
Cherokee

Larry

Scores at the end of the Double Jeopardy! Round:

Anne Larry Martha
$14,800 $3,600 $4,800
(lock game)

[wagering suggestions for these scores]

Final Jeopardy! Round responses

NFL TEAM NAMES
LarryWho are the Daffy Duck Ducks + the Bugs Bunnies
$0
MarthaWho are Seattle and Jacksonville?
$2,001
AnneWho are the ???
$0
(2 of) the Seattle Seahawks, the Jacksonville Jaguars, the Buffalo Bills, & the Tennessee Titans

Final scores:

Anne Larry Martha
$14,800 $3,600 $6,801
2-day champion: $38,800 3rd place: $1,000 2nd place: $2,000

Game dynamics:

Coryat scores:

Anne Larry Martha
$14,800 $3,400 $6,000
23 R,
1 W
11 R
(including 1 DD),
6 W
14 R
(including 1 DD),
6 W
(including 1 DD)

Combined Coryat: $24,200

[game clues] [game scores] [suggest correction]

Game tape date: 2004-02-11
The J! Archive is created by fans, for fans. Scraping, republication, monetization, and malicious use prohibited; this site may use cookies and collect identifying information. See terms. The Jeopardy! game show and all elements thereof, including but not limited to copyright and trademark thereto, are the property of Jeopardy Productions, Inc. and are protected under law. This website is not affiliated with, sponsored by, or operated by Jeopardy Productions, Inc. Join the discussion at JBoard.tv.